| 000 | 00923nam a22003017a 4500 | ||
|---|---|---|---|
| 001 | 0074 | ||
| 003 | DO-SdBNP | ||
| 005 | 20180222095323.0 | ||
| 007 | 0074 | ||
| 008 | 151118b 2002 it a | |||| 00| 0 spa d | ||
| 020 | _a88884050602 | ||
| 040 |
_aBPMSU _bspa _cBPMSU |
||
| 041 |
_aspa _hita |
||
| 082 | 4 |
_axx _bxx |
|
| 100 | 1 | 0 | _aEnna, Francesco |
| 240 | 1 | _aProgetto un mare di sogni | |
| 245 | 1 | 0 |
_aCuentos junto a la lumbre : _bhistorias y leyendas de cerdeña / _cFrancesco Enna ; traducción Gabriel Andrés ; edición Tonina Paba ; ilustraciones Bruno Enna |
| 260 |
_aItalia : _bBrighieventuri, _c2002. |
||
| 300 |
_a62 p. : _bil., _c17 cm. |
||
| 490 | 0 | 0 |
_aUn mar de sueños _v7 |
| 700 | 1 | 0 |
_aAndrés, Gabriel, _etr. |
| 700 | 1 | 0 |
_aPaba, Tonina, _eed. |
| 700 | 1 | 0 |
_aEnna, Bruno, _eil. |
| 830 | 0 |
_aUn mar de sueños _n7 |
|
| 942 |
_2ddc _cBK |
||
| 945 | _aInventariado, 2018/ YL | ||
| 956 |
_aYLOCKWARD _b10 _cBPMSU |
||
| 999 |
_c8773 _d8773 |
||